Elements of economics and the Pakistan economy / (Record no. 541713)
[ view plain ]
| 000 -LEADER | |
|---|---|
| fixed length control field | 00546cam a2200169 i 4500 |
| 082 ## - DEWEY DECIMAL CLASSIFICATION NUMBER | |
| Classification number | 330.9/549/105 |
| Author Mark | AKB |
| -- | MCE, L-26, p-7 |
| 100 1# - MAIN ENTRY--PERSONAL NAME | |
| Personal name | Adil, Akbar. |
| 9 (RLIN) | 36730 |
| 245 10 - TITLE STATEMENT | |
| Title | Elements of economics and the Pakistan economy / |
| Statement of responsibility, etc. | by Akbar Adil. |
| 250 ## - EDITION STATEMENT | |
| Edition statement | 1st ed. |
| 260 ## - PUBLICATION, DISTRIBUTION, ETC. | |
| Place of publication, distribution, etc. | Karachi : |
| Name of publisher, distributor, etc. | National Book Foundation, |
| Date of publication, distribution, etc. | 1976. |
| 300 ## - PHYSICAL DESCRIPTION | |
| Extent | 590 p. ; |
| Dimensions | 25 cm. |
| 526 ## - STUDY PROGRAM INFORMATION NOTE | |
| Program name | 0 |
| Interest level | 0 |
| Reading level | 0 |
| Title point value | 330_954910500000000_AKB |
| 526 ## - STUDY PROGRAM INFORMATION NOTE | |
| Program name | 0 |
| Interest level | 0 |
| Reading level | 0 |
| Title point value | 330_954910500000000_AKB |
| 526 ## - STUDY PROGRAM INFORMATION NOTE | |
| Program name | 0 |
| Interest level | 0 |
| Reading level | 0 |
| Title point value | 330_954910500000000_AKB |
| 650 #0 - SUBJECT ADDED ENTRY--TOPICAL TERM | |
| Topical term or geographic name entry element | Economics. |
| 9 (RLIN) | 1437 |
| 942 ## - ADDED ENTRY ELEMENTS (KOHA) | |
| Source of classification or shelving scheme | |
| Koha item type | Book |
| Withdrawn status | Lost status | Source of classification or shelving scheme | Damaged status | Not for loan | Permanent Location | Current Location | Date acquired | Total Checkouts | Full call number | Barcode | Date last seen | Copy number | Price effective from | Koha item type |
|---|---|---|---|---|---|---|---|---|---|---|---|---|---|---|
| Military College of Engineering (MCE) | Military College of Engineering (MCE) | 08/23/2013 | 330.9/549/105 AKB | MCE-11676 | 08/23/2013 | 1 | 08/23/2013 | Book | ||||||
| Military College of Engineering (MCE) | Military College of Engineering (MCE) | 08/23/2013 | 330.9/549/105 AKB | MCE-11677 | 08/23/2013 | 2 | 08/23/2013 | Book | ||||||
| Military College of Engineering (MCE) | Military College of Engineering (MCE) | 08/23/2013 | 330.9/549/105 AKB | MCE-11678 | 08/23/2013 | 3 | 08/23/2013 | Book |
